Tolsztoj.

Elmentve itt :
Bibliográfiai részletek
Szerző: Vári Albert
Adatforrás:Philobibl
Forrásdokumentuma:Keresztény Magvető
1911. évf., 338-345.p. p.
Dokumentumtípus: Cikk
Nyelv:magyar
LEADER 00269nab a2200097 c 4500
001 bibDOK00023938
005 20200924121809.3
008 060518s1911 hu hun
100 1 |a Vári Albert 
245 1 0 |a Tolsztoj.  |c Vári Albert 
773 0 |t Keresztény Magvető  |g 1911. évf., 338-345.p. p.